000 00922nas a2200289 4500
001 BR2011002193
003 BR-BrBNA
005 20231205114550.0
007 ta
008 230509b bl.|||p| |||| 00| 00por d
040 _aBR-BrBNA
_bpor
_cBiblioteca Nacional de Agricultura
041 _a(En)
072 _aL02
100 1 _aHernandez-Mendo, O.
100 1 _aLeaver, J.D.
245 1 _aChoice of grazed herbage of maize silage by lactating dairy cows: influence of sward height and concentrate level
650 _aVACA LEITEIRA
650 _aMILHO
650 _aSILAGEM
650 _aPASTAGEM
650 _aPREFERÊNCIA ALIMENTAR
650 _aSUPLEMENTO CONCENTRADO
650 _aDIETA
773 0 _tArquivo Brasileiro de Medicina Veterinária e Zootecnia (Brazil)
_xISSN 0102-0935
_g(Oct 2010), v. 62(5) p. 1158-1166
_wBR2011002193
909 _a202311
_bLúcia
_c55
_dLúcia Elande
942 _2AGRIS
_n0
_cANA
999 _c209353
_d209353